000 00653cab a2200217 4500
001 X3643
008 090401t1996 xxu||||| |||| 00| 0 eng d
035 _a(Sirsi) u31774
041 _aeng
100 _aAlexander, J.
245 _aHow to make buildings secure by design
260 _c1996
350 _a0
490 _aCSM (Chartered Surveyor Monthly)
_v5(9) June 1996, 24(1)
520 _aLooks at the role of the police architectural liaison officer in environmental design.
650 _aPOLICE ARCHITECTURAL LIAISON OFFICER
650 _aSECURITY
690 _aBUILT ENVIRONMENT-CONSTRUCTION DESIGN
942 _n0
948 _c04/03/1997
999 _c21330
_d21330